| 000 | 01327namaa2200349 i 4500 | ||
|---|---|---|---|
| 003 | EG-GICUC | ||
| 005 | 20260615141502.0 | ||
| 008 | 260615s2007 ua ||||gr|||| 000 0 ara d | ||
| 017 |
_a2005 / 20853 _bدار الكتب والوثائق القومية(مصر) |
||
| 020 | _a9772381560 | ||
| 040 |
_aEG-GiCUC _bara _cEG-GiCUC _dEG-GiCUC _erda |
||
| 082 | 0 | 4 |
_221 _a414 _bF146i |
| 092 | 0 | 4 |
_221 _a414 _bF146i |
| 099 | _a414 F146i | ||
| 100 | 1 |
_aفضل، صلاح _eمؤلف. |
|
| 245 | 1 | 0 |
_aعلم الاسلوب والنظرية البنائية / _cصلاح فضل. |
| 250 | _aالطبعة الأولى. | ||
| 264 |
_aالقاهرة : _bدار الكتاب المصري، _c2007- |
||
| 300 |
_aمجلدات ؛ _c24 سم |
||
| 336 |
_2rdacontent _atext |
||
| 337 |
_2rdamedia _aUnmediated |
||
| 338 |
_2rdacarrier _avolume |
||
| 500 | _aالمكتبة تقتني المجلد الثاني فقط. | ||
| 500 | _aأعلى صفحة العنوان : مجموعة أعمال. | ||
| 504 | _aيشتمل على ارجاعات ببليوجرافية. | ||
| 541 |
_aد. جابر عصفور ؛ _bالقاهرة ؛ _cإهداء ؛ _d2024. |
||
| 650 | 1 |
_aالبلاغة العربية. _2qrmak |
|
| 650 | 1 |
_aالأسلوب الأدبي. _2qrmak |
|
| 651 | 1 | _2qrmak | |
| 905 | _aAsmaa | ||
| 942 |
_2ddc _cBK _e21 _n0 |
||
| 999 |
_c180546 _d180546 |
||